Ludzie o inicjałach J. J. - quiz obrazkowy. - Statystyki

Ogólne statystyki
  • Ten quiz został rozwiązany 40 razy
  • Średni wynik to 7 z 16
Statystyki odpowiedzi
Obrazkowy Hint Odpowiedź % Poprawnych
USA, 1966 Janet Jackson
72%
Polska, 1985 Joanna Jabłczyńska
72%
Polska, 1987 Joanna Jędrzejczyk
72%
Czechy, 1978 Jakub Janda
69%
Polska, 1990 Jerzy Janowicz
69%
Polska, 1969 Jarosław Jakimowicz
59%
Polska, 1959 Janusz Józefowicz
53%
USA, 1943-1970 Janis Joplin
47%
Serbia, 1985 Jelena Jankovic
34%
Polska, 1961 Jan Jankowski
31%
Polska, 1960 Janusz Jojko
28%
Czechy, 1972 Jaromir Jagr
25%
Irlandia, 1882-1941 James Joyce
22%
Polska, 1991 Joanna Jóźwik
19%
Polska, 1912-1980 Jadwiga Jędrzejowska
16%
Polska, 1950 Jerzy Jaskiernia
9%
Nie znaleziono quizów pasujących do podanych kryteriów
Rozkład punktacji
Procent ludzi z każdym wynikiem
Percentyl według liczby udzielonych odpowiedzi
Twoja historia wyników
Nie rozwiązałeś tego quizu